| Tag |
First Indicator |
Second Indicator |
Subfields |
| LEADER |
00000cam a2200000 a 4500 |
| 001 |
in00001263921 |
| 005 |
20151003094732.0 |
| 008 |
950127s1994 maua 001 0 eng |
| 010 |
|
|
|a 95109499
|
| 019 |
|
|
|a 31405368
|
| 020 |
|
|
|a 0876293143
|
| 035 |
|
|
|a (OCoLC)32134102
|
| 035 |
|
|
|9 AGV8287AM
|
| 040 |
|
|
|a DLC
|c DLC
|c TXA
|d UtOrBLW
|
| 043 |
|
|
|a n-us---
|a n-cn---
|
| 049 |
|
|
|a TXAM
|
| 050 |
0 |
0 |
|a HD9715.U52
|b M37 1994
|
| 245 |
0 |
0 |
|a Means productivity standards for construction /
|c [senior editor, Patricia L. Jackson ; contributing editors, John H. Chiang and others ; electronic publishing specialist, Kathryn S. Rodriguez ; technical coordinators, Karen L. O'Brien, Marion E. Schofiedl].
|
| 250 |
|
|
|a 3rd ed.
|
| 264 |
|
1 |
|a Kingston, MA :
|b R.S. Means Co.,
|c [1994]
|
| 264 |
|
4 |
|c ©1994
|
| 300 |
|
|
|a xiii, 816 pages :
|b chiefly tables ;
|c 29 cm.
|
| 336 |
|
|
|a text
|b txt
|2 rdacontent
|
| 337 |
|
|
|a unmediated
|b n
|2 rdamedia
|
| 338 |
|
|
|a volume
|b nc
|2 rdacarrier
|
| 500 |
|
|
|a Includes index.
|
| 650 |
|
0 |
|a Construction industry
|x Labor productivity
|x Standards
|z United States.
|
| 650 |
|
0 |
|a Construction industry
|x Labor productivity
|x Standards
|z Canada.
|
| 700 |
1 |
|
|a Jackson, Patricia L.
|
| 700 |
1 |
|
|a Chiang, John H.
|
| 710 |
2 |
|
|a Robert Snow Means Company.
|
| 999 |
|
|
|a MARS
|
| 999 |
f |
f |
|s 3ee04be0-c377-3c67-b41d-b747eb6a0000
|i ea8cb828-3804-354b-b8fc-5d03d7f60598
|t 0
|
| 952 |
f |
f |
|p ric
|a Texas A&M University
|b Rellis Campus
|c Joint Library Facility
|d Remote Storage
|t 0
|e HD9715.U52 M37 1994
|h Library of Congress classification
|i unmediated -- volume
|m A14820090438
|
| 998 |
f |
f |
|a HD9715.U52 M37 1994
|t 0
|l Remote Storage
|